000 00513nam a2200181Ia 4500
008 210719s2021 xx 000 0 und d
020 _a978-81-941636-6-4
041 _akan
082 _a658.001K PRAV
100 _aPRABHAKARA SHISHILA (Bi);SHISHILA (Prabhakara)
245 _aVyavahara arthashastra
260 _aMangaluru
_bUnited Publishers
_c2021
300 _aviii,242
_bPB
365 _b150
_cRs
650 _aBusiness Economics
650 _aManagement
906 _a1 ; arthashastra ; Ed ; Vyavahara
999 _c211933
_d211933